000 01063nas a2200337 4500
001 BR2015000721
003 BR-BrBNA
005 20231205125010.0
007 ta
008 230509b bl.|||p| |||| 00| 00por d
040 _aBR-BrBNA
_bpor
_cBiblioteca Nacional de Agricultura
041 _a(Pt)
072 _aL72; L60
100 1 _aOliveira, H.H.
100 1 _aGomes, V.
100 1 _aAmorim, M.
100 1 _aGazêta, G.S.
100 1 _aSerra-Freire, N.M.
100 1 _aQuinelato, I.P.F.
100 1 _aMorelli-Amaral, V.F.
100 1 _aAlmeida, A.B.
100 1 _aCarvalho, R.W.
100 1 _aCarvalho, A.G.
245 1 _aDiversidade de ixodida em roedores e marsupiais capturados no Parque Estadual da Pedra Branca, Rio de Janeiro, Brasil
650 _aCARRAPATO
650 _aIDENTIFICAÇÃO
650 _aPARASITISMO
773 0 _tArquivo Brasileiro de Medicina Veterinária e Zootecnia (Brazil)
_xISSN 0102-0935
_g(Aug 2014), v. 66(4) p. 1097-1104
_wBR2015000721
909 _a202311
_bLúcia
_c55
_dLúcia Elande
942 _2AGRIS
_n0
_cANA
999 _c242056
_d242056